[Event "AUTO-INT-3050"]
[Site "http://www.queenalice.com/game.php?id=1382831"]
[Date "2015.9.12"]
[Round "1"]
[White "Zodiac"]
[Black "McJack3xtr3me"]
[Result "1-0"]
[WhiteElo "1831"]
[BlackElo "1351"]

1. e4 e5 2. Nf3 d6 3. d4 exd4 4. Nxd4 c5 5. Bb5+ Bd7 6. Bxd7+ Qxd7 7. Nf3 Nf6 8.
Nc3 Be7 9. O-O Nxe4 10. Qd3 Nxc3 11. Qxc3 Nc6 12. Qxg7 1-0

[Event "AUTO-INT-3050"]
[Site "http://www.queenalice.com/game.php?id=1382832"]
[Date "2015.9.12"]
[Round "1"]
[White "McJack3xtr3me"]
[Black "glaubergouveia"]
[Result "1-0"]
[WhiteElo "1392"]
[BlackElo "1629"]

1. e3 e5 2. e4 Nf6 3. Nc3 Nc6 4. d3 Bb4 5. Nf3 h6 6. Nxe5 Nxe5 7. Bf4 Bxc3+ 8.
bxc3 d6 9. d4 Nc6 10. Bd3 Bg4 11. Qd2 Nh5 12. d5 Ne5 13. Be2 Bxe2 14. Kxe2 Qf6
15. g3 Nc4 16. Qd4 Qxd4 17. cxd4 Nxf4+ 18. gxf4 O-O 19. Kd3 b5 20. a4 a6 21.
axb5 axb5 22. Rab1 Ra3+ 23. Rb3 Rxb3+ 24. cxb3 Nb6 25. Rc1 Rc8 26. b4 f6 27. Rc6
Na4 28. Ra6 Nb2+ 29. Kc3 Nd1+ 30. Kd2 Nxf2 31. Ke3 Nd1+ 32. Kd3 Nb2+ 33. Kc3 Nc4
34. Ra1 Rf8 35. e5 fxe5 36. fxe5 dxe5 37. dxe5 Nxe5 38. Ra5 c6 39. Kd4 Re8 40.
h4 cxd5 41. Kxd5 Nf3 42. Rxb5 Rd8+ 43. Ke4 Nd2+ 44. Kf5 Nb3 45. Kg6 Rd6+ 46. Kf5
1-0

[Event "AUTO-INT-3050"]
[Site "http://www.queenalice.com/game.php?id=1382833"]
[Date "2015.9.12"]
[Round "1"]
[White "glaubergouveia"]
[Black "McJack3xtr3me"]
[Result "1-0"]
[WhiteElo "1663"]
[BlackElo "1327"]

1. e4 e5 2. Nf3 Nc6 3. Nc3 Bb4 4. Bc4 Nf6 5. d3 d6 6. a3 Bxc3+ 7. bxc3 O-O 8. h3
a5 9. Bb5 Bd7 10. g4 Ne7 11. Bxd7 Nxd7 12. Bg5 f6 13. Bh4 Ng6 14. c4 Nxh4 15.
Nxh4 c5 16. Qb1 b6 17. a4 g5 18. Nf5 Nb8 19. Qb5 Na6 20. h4 gxh4 21. Rxh4 Nc7
22. Qxb6 Ne6 23. Qxd6 Ng7 24. Nh6+ Kh8 25. Qxc5 Rc8 26. Qe3 Ne6 27. Nf5 Nf4 28.
Rh2 Ne6 29. Qh6 Rc7 30. c5 Rxc5 31. Qxh7# 1-0

[Event "AUTO-OPEN-3540"]
[Site "http://www.queenalice.com/game.php?id=1383136"]
[Date "2015.9.14"]
[Round "1"]
[White "pizzaiolo72"]
[Black "McJack3xtr3me"]
[Result "1-0"]
[WhiteElo "2107"]
[BlackElo "1341"]

1. e4 e5 2. Nf3 Nc6 3. Bb5 Nh6 4. d3 a6 5. Bxc6 dxc6 6. Nxe5 Bd6 7. Nc4 b5 8.
Bxh6 gxh6 9. Nxd6+ Qxd6 10. Nd2 Rg8 11. g3 Bg4 12. f3 Be6 13. f4 c5 14. f5 Bd7
15. Qe2 Qe5 16. c3 O-O-O 17. Nf3 Qf6 18. O-O a5 19. Qe3 c4 20. dxc4 bxc4 21. Qc5
Qd6 22. Qxc4 a4 23. Rfd1 Qc6 24. Qd5 Qb6+ 25. Kg2 Be8 26. Qxd8+ Kb7 27. b3 c6
28. Qxb6+ Kxb6 29. bxa4 Ka5 30. Rab1 Kxa4 31. Rb4+ Ka5 32. Rd8 Bd7 33. Rxg8 c5
34. Ra8# 1-0

[Event "AUTO-OPEN-3540"]
[Site "http://www.queenalice.com/game.php?id=1383137"]
[Date "2015.9.14"]
[Round "1"]
[White "McJack3xtr3me"]
[Black "pizzaiolo72"]
[Result "0-1"]
[WhiteElo "1331"]
[BlackElo "2167"]

1. e4 e6 2. d4 d5 3. exd5 exd5 4. Bb5+ c6 5. Qe2+ Qe7 6. Bd3 Nf6 7. Nf3 Bg4 8.
O-O Qxe2 9. Bxe2 Bd6 10. Bg5 Nbd7 11. Re1 O-O-O 12. Bd2 Bf5 13. Nc3 Bxc2 14.
Rac1 Bg6 15. Nb1 Rde8 16. Bd1 Rxe1+ 17. Bxe1 Re8 18. Bc2 Bf4 19. Bd2 Bxd2 20.
Nfxd2 Bxc2 21. Rxc2 Re1+ 22. Nf1 Rxb1 23. g3 Rd1 24. Rd2 Rxd2 25. Nxd2 Ne4 26.
Nxe4 dxe4 27. Kf1 f5 28. b4 Nf6 29. a4 Nd5 30. b5 cxb5 31. axb5 a5 32. bxa6 bxa6
33. h4 h5 34. Ke2 Kc7 35. Kd2 Kb6 36. Kc2 Kb5 37. Kb3 a5 38. Ka3 Kc4 39. Kb2
Kxd4 40. Kc2 g6 41. Kd2 e3+ 42. fxe3+ Nxe3 43. Ke2 Ke4 44. Kd2 Nf1+ 45. Ke2
Nxg3+ 46. Kd2 f4 47. Kc3 f3 48. Kd2 f2 49. Kd1 Kd3 50. Kc1 Kc3 51. Kd1 f1=R# 0-1

[Event "AUTO-OPEN-3540"]
[Site "http://www.queenalice.com/game.php?id=1383158"]
[Date "2015.9.14"]
[Round "1"]
[White "Magogue"]
[Black "McJack3xtr3me"]
[Result "0-1"]
[WhiteElo "594"]
[BlackElo "1267"]

1. e4 e5 2. f4 exf4 3. Qh5 g6 4. Qe5+ Ne7 5. Qxh8 h5 6. d4 d6 7. Qf6 Qd7 8. Qxf4
Nec6 9. Bb5 a6 10. Bxc6 Nxc6 11. Ne2 Qe6 12. d5 Qd7 13. dxc6 bxc6 14. O-O Qg4
15. Qxf7+ Kd8 0-1

[Event "AUTO-OPEN-3540"]
[Site "http://www.queenalice.com/game.php?id=1383171"]
[Date "2015.9.14"]
[Round "1"]
[White "forever"]
[Black "McJack3xtr3me"]
[Result "1-0"]
[WhiteElo "1891"]
[BlackElo "1349"]

1. c4 e5 2. g3 d6 3. Bg2 Nf6 4. Nf3 Be6 5. O-O Bxc4 6. d3 Bd5 7. e4 Bc6 8. Qb3
d5 9. Nxe5 Bd6 10. exd5 Bxd5 11. Bxd5 O-O 12. Nxf7 Qd7 13. Nh6+ Kh8 14. Be6 Qc6
15. Nf7+ Rxf7 16. Bxf7 1-0

[Event "AUTO-OPEN-3540"]
[Site "http://www.queenalice.com/game.php?id=1383172"]
[Date "2015.9.14"]
[Round "1"]
[White "McJack3xtr3me"]
[Black "forever"]
[Result "0-1"]
[WhiteElo "1347"]
[BlackElo "1893"]

1. e4 e5 2. d3 Bc5 3. Be3 Bxe3 4. fxe3 d6 5. d4 Qh4+ 6. g3 Qxe4 7. Nf3 exd4 8.
Nxd4 Qxh1 9. Nf3 Bg4 10. Nbd2 Nf6 11. Qe2 Ne4 12. Nxe4 Bxf3 13. Qb5+ Nc6 14. Kf2
Bxe4 15. a4 Qxh2+ 16. Ke1 Qxg3+ 17. Kd2 Qf2+ 0-1

[Event "AUTO-INT-3051"]
[Site "http://www.queenalice.com/game.php?id=1383209"]
[Date "2015.9.14"]
[Round "1"]
[White "Zodiac"]
[Black "McJack3xtr3me"]
[Result "1-0"]
[WhiteElo "1818"]
[BlackElo "1347"]

1. e4 e5 2. Nf3 Nf6 3. d3 Bb4+ 4. Nc3 d5 5. exd5 Nxd5 6. Bd2 a5 7. Nxe5 Nxc3 8.
bxc3 O-O 9. cxb4 axb4 10. Qf3 Qf6 11. Qxf6 Re8 12. Qxf7+ Kh8 13. Qxe8# 1-0

[Event "AUTO-INT-3051"]
[Site "http://www.queenalice.com/game.php?id=1383225"]
[Date "2015.9.14"]
[Round "1"]
[White "McJack3xtr3me"]
[Black "Karjaking"]
[Result "0-1"]
[WhiteElo "1329"]
[BlackElo "1889"]

1. e4 c5 2. d3 Nc6 3. Nf3 g6 4. Be2 Bg7 5. O-O d6 6. Bf4 e5 7. Bg5 Nge7 8. a4
O-O 9. c4 f6 10. Bd2 f5 11. exf5 Nxf5 12. b3 Ncd4 13. Nxd4 Nxd4 14. Bg4 h5 15.
Bh3 Bxh3 16. gxh3 Qh4 17. f4 Qxh3 18. Ba5 Rxf4 19. Rxf4 exf4 20. Nd2 Re8 21. Qf1
Ne2+ 22. Kf2 Bd4+ 23. Ke1 Nc3+ 24. Ne4 Qe3+ 25. Qe2 Qxe2# 0-1

[Event "AUTO-INT-3051"]
[Site "http://www.queenalice.com/game.php?id=1383226"]
[Date "2015.9.14"]
[Round "1"]
[White "Karjaking"]
[Black "McJack3xtr3me"]
[Result "1-0"]
[WhiteElo "1909"]
[BlackElo "1337"]

1. e4 e5 2. d4 d6 3. Nf3 d5 4. exd5 exd4 5. Qxd4 Nc6 6. Bb5 Qf6 7. Bxc6+ Bd7 8.
Bxd7+ Kxd7 9. Qa4+ Kd8 10. Bg5 c6 11. Bxf6+ gxf6 12. dxc6 bxc6 13. Nc3 Ne7 14.
O-O-O+ Ke8 15. Rhe1 Bh6+ 16. Kb1 Kf8 17. Rxe7 Kxe7 18. Qxc6 Rad8 19. Re1+ Kf8
20. Qxf6 Bg7 21. Qxd8# 1-0

[Event "AUTO-BEG-633"]
[Site "http://www.queenalice.com/game.php?id=1407947"]
[Date "2016.2.6"]
[Round "2"]
[White "McJack3xtr3me"]
[Black "gillou77"]
[Result "1-0"]
[WhiteElo "1453"]
[BlackElo "1348"]

1. e4 d5 2. exd5 Qxd5 3. Qf3 Qe5+ 4. Qe3 f6 5. d4 Qa5+ 6. Bd2 Qd5 7. Nc3 Qd8 8.
O-O-O Nc6 9. Bb5 Bd7 10. Nf3 e6 11. Rhe1 Nb4 12. a3 Bxb5 13. Nxb5 Na2+ 14. Kb1
c6 15. Nc3 b5 16. Nxa2 f5 17. Re2 a5 18. Rde1 Qd6 19. Ng5 Qxh2 20. Qxe6+ Be7 21.
Qxc6+ 1-0

[Event "AUTO-BEG-633"]
[Site "http://www.queenalice.com/game.php?id=1407948"]
[Date "2016.2.6"]
[Round "2"]
[White "gillou77"]
[Black "McJack3xtr3me"]
[Result "0-1"]
[WhiteElo "1336"]
[BlackElo "1465"]

1. e4 e5 2. d4 exd4 3. Qxd4 Qf6 4. e5 Qb6 5. Be3 Bb4+ 6. c3 Bc5 7. Qd5 Ne7 8.
Qc4 d5 9. exd6 cxd6 10. Nd2 Qxb2 11. Rb1 Qa3 12. h4 Qa6 13. Rb5 Be6 14. Qe4 Bf5
15. Qf3 Bd7 16. c4 Bc6 17. Qf4 Qxa2 18. Rb1 O-O 19. Bxc5 dxc5 20. Bd3 Ng6 0-1